000 01335cam a22003617a 4500
001 13884944
003 OSt
005 20150408114157.0
008 050228s2005 njua d 001 0 eng d
010 _a 2005923194
015 _aGBA533435
_2bnb
016 7 _a013180046
_2Uk
020 _a0764569023 (pbk.)
035 _a(OCoLC)ocm59353819
040 _aUKM
_cUKM
_dBAKER
_dDLC
042 _alccopycat
050 0 0 _aQD257
_b.W56 2005
082 0 4 _a547
_222
_bWAO
100 1 _aWinter, Arthur,
_d1981-
_940857
245 1 0 _aOrganic Chemistry 1 for dummies /
_cby Arthur Winter.
260 _aHoboken, N.J. :
_bWiley,
_cc2005.
300 _axvi, 388 p. :
_bill. ;
_c24 cm.
440 0 _a--For dummies
_98976
500 _aIncludes index.
650 0 _aChemistry, Organic
_vProblems, exercises, etc.
_919191
650 0 _aChemistry, Organic.
856 4 2 _3Contributor biographical information
_uhttp://www.loc.gov/catdir/enhancements/fy0628/2005923194-b.html
856 4 2 _3Publisher description
_uhttp://www.loc.gov/catdir/enhancements/fy0628/2005923194-d.html
856 4 1 _3Table of contents only
_uhttp://www.loc.gov/catdir/enhancements/fy0628/2005923194-t.html
906 _a7
_bcbc
_ccopycat
_d2
_encip
_f20
_gy-gencatlg
942 _2ddc
_cBOOK
999 _c32542
_d267042